Jarná výsadba ovocných stromov a kríkov

Bibliographic Details
Main Author: Hričovský, Ivan, 1932-2024 (Author)
Format: Article
Language:Slovak
PhysicalDescription:Obr.
ISSN:1336-7684
Subjects:

MARC

LEADER 00000nab a2200000 ar4500
001 vtls008987124
003 SK-MaSNL
005 20260303232714.0
008 070509c2007 xo |||||||||||000 b|slo
015 |a SNBRB2007/05  |2 snkbucl 
038 |a SNKBUCL 
040 |a SNKBUCL  |b slo  |c SNKBUCL  |e AACR2 
041 0 |a slo 
044 |a xo  |c SK 
080 |a 634.1.054:631.53.04  |x "321"  |2 1997 
080 |a 631.53.04  |x "321"  |2 1997 
100 1 |a Hričovský, Ivan,  |d 1932-2024  |4 aut  |9 100824 
245 1 0 |a Jarná výsadba ovocných stromov a kríkov  |c Ivan Hričovský 
300 |b Obr. 
650 0 7 |a ovocné dreviny  |2 snkbucl  |9 29477 
650 0 7 |a výsadba  |2 snkbucl  |9 29316 
650 0 7 |a jar  |2 snkbucl  |9 30216 
773 0 |t Sady a vinice  |g Roč. II, č. 1 (2007), s. 20  |x 1336-7684 
852 |a SNK  |b KIS3GCP 
999 |c 2273334  |d 2275264